[Event "Curitiba Parana op"]
[Site "Curitiba"]
[Date "2023.04.21"]
[Round "1"]
[White "Quincozes, David Aleksander G"]
[Black "De Oliveira, Jairo Quintiliano"]
[Result "0-1"]
[WhiteElo "1800"]
[BlackElo "1752"]
[PlyCount "102"]
[EventDate "2023.04.21"]
[EventType "swiss"]
[EventRounds "6"]
[EventCountry "BRA"]
[SourceTitle "CBM 214 Extra"]
[Source "ChessBase"]
[SourceDate "2023.07.31"]
[SourceVersion "1"]
[SourceVersionDate "2023.07.31"]
[SourceQuality "1"]

1. c4 c6 2. d4 d5 3. Nc3 Nf6 4. cxd5 cxd5 5. Nf3 Nc6 6. e3 a6 7. Ne5 e6 8. f4 Bd6 9. Bd3 Ne7 10. 0-0 b5 11. a3 Bb7 12. Bd2 Rc8 13. Qe2 Ne4 14. Rac1 0-0 15. Na2 f6 16. Nf3 Qd7 17. Bb4 Nc6 18. Bxd6 Qxd6 19. Nc3 Na5 20. Bxe4 dxe4 21. Nd2 f5 22. b4 Nc4 23. Nxc4 Rxc4 24. Na2 Bd5 25. Nc3 Rfc8 26. Qd2 Qc6 27. Nxd5 exd5 28. Rxc4 Qxc4 29. Ra1 Qb3 30. Rc1 Rc4 31. Rxc4 bxc4 32. Qe2 Qxa3 33. Kf2 Qxb4 34. Qh5 g6 35. Qg5 Qd6 36. g4 fxg4 37. Qxg4 Qc6 38. Qg5 Qd7 39. Qe5 c3 40. Qb8+ Kf7 41. Qh8 Qh3 42. Qe5 Qxh2+ 43. Kf1 Qh1+ 44. Kf2 Qf3+ 45. Kg1 Qxe3+ 46. Kh2 Qf2+ 47. Kh1 Qf3+ 48. Kg1 Qg4+ 49. Kf2 Qf5 50. Qc7+ Kg8 51. Kg3 h5 0-1